| 000 | 00862nam a22002177a 4500 | ||
|---|---|---|---|
| 005 | 20240530110534.0 | ||
| 008 | 160327s2012 ua g b 000 0 ara d | ||
| 017 |
_a2011/21385 _bمصر . دار الكتب المصرية |
||
| 020 | _a9789774990403 | ||
| 040 | _aEG-CaGPL | ||
| 082 | 0 | 4 |
_221 _a914\ _bس أ |
| 100 | 0 | _aسعيد بنسعيد العلوى | |
| 245 | 1 | 0 |
_aاوروبا فى مراة الرحلة : _bصورة الاخر فى ادب الرحلة المغربية المعاصرة / _cسعيد بنسعيد العلوى |
| 250 | _aط1 | ||
| 260 |
_aالقاهرة : _bرؤية للنشر و التوزيع ، _c2012 . |
||
| 300 |
_a319 ص ؛ _c19 سم . |
||
| 504 | _aيشتمل على ارجاعات ببليوجرافية | ||
| 651 | 0 | 4 |
_aاوربا _xوصف و رحلات |
| 942 |
_2ddc _cBK |
||
| 999 |
_c62142 _d62142 |
||